| Tag |
First Indicator |
Second Indicator |
Subfields |
| LEADER |
00000cam a22000001 4500 |
| 001 |
in00000081457 |
| 005 |
20151008052957.0 |
| 008 |
720420r1962 nyu b 00000 eng |
| 010 |
|
|
|a 62002230
|
| 035 |
|
|
|a (OCoLC)00499334
|
| 035 |
|
|
|9 AAH5705AM
|
| 040 |
|
|
|a DLC
|c DLC
|d TXA
|d UtOrBLW
|
| 043 |
|
|
|a n-us---
|
| 049 |
|
|
|a TXAM
|c [464234]
|
| 050 |
0 |
0 |
|a JK516
|b .B5 1962
|
| 082 |
0 |
|
|a 353.03
|
| 092 |
|
|
|a 353.032
|b B613p, 1962
|
| 100 |
1 |
|
|a Binkley, Wilfred E.
|q (Wilfred Ellsworth),
|d 1883-1965.
|
| 240 |
1 |
4 |
|a The powers of the president
|
| 245 |
1 |
0 |
|a President and Congress.
|
| 250 |
|
|
|a 3d rev. ed.
|
| 264 |
|
1 |
|a New York :
|b Vintage Books,
|c [1962]
|
| 300 |
|
|
|a 403 pages ;
|c 19 cm.
|
| 336 |
|
|
|a text
|b txt
|2 rdacontent
|
| 337 |
|
|
|a unmediated
|b n
|2 rdamedia
|
| 338 |
|
|
|a volume
|b nc
|2 rdacarrier
|
| 500 |
|
|
|a First edition published in 1937 under title: The powers of the President.
|
| 504 |
|
|
|a Includes bibliography.
|
| 610 |
1 |
0 |
|a United States.
|b Congress
|x History.
|
| 650 |
|
0 |
|a Executive power
|z United States.
|
| 651 |
|
0 |
|a United States
|x Politics and government.
|
| 999 |
|
|
|a MARS
|
| 999 |
f |
f |
|s b2e39e70-13ea-3c73-9e60-203b9a547b25
|i c8bc8030-4781-3b7c-8a87-5d2de6432b5e
|t 0
|
| 952 |
f |
f |
|p ric
|a Texas A&M University
|b Rellis Campus
|c Joint Library Facility
|d Remote Storage
|t 0
|e JK516 .B5 1962
|h Library of Congress classification
|i unmediated -- volume
|m A14800799787
|
| 998 |
f |
f |
|a JK516 .B5 1962
|t 0
|l Remote Storage
|